The Consent Guidebook ; (Record no. 7692)

MARC details
000 -LEADER
fixed length control field 00391nam a22001217a 4500
008 - FIXED-LENGTH DATA ELEMENTS--GENERAL INFORMATION
fixed length control field 190306b ||||| |||| 00| 0 eng d
020 ## - INTERNATIONAL STANDARD BOOK NUMBER
International Standard Book Number 9781546230960
100 ## - MAIN ENTRY--PERSONAL NAME
Personal name Tillman Erin
245 ## - TITLE STATEMENT
Title The Consent Guidebook ;
Remainder of title a practical appraoch to consensual, respectful and enthusiastic interactions
260 ## - PUBLICATION, DISTRIBUTION, ETC.
Place of publication, distribution, etc. Bloomington ;
Name of publisher, distributor, etc. Author house,
Date of publication, distribution, etc. 2018.
300 ## - PHYSICAL DESCRIPTION
Extent xii, 153 p.
Dimensions 20 cm.
942 ## - Added entry Elements (Koha)
Source of classification or shelving scheme Dewey Decimal Classification
Holdings
Withdrawn status Lost status Source of classification or shelving scheme Damaged status Not for loan Collection code Home library Current library Shelving location Date acquired Serial Enumeration / chronology Total Checkouts Full call number Barcode Date last seen Price effective from Koha item type
    Dewey Decimal Classification     Main TEST RTC Library RTC Library Main opac 06/03/2019 13492   610 TIL 30013126 06/03/2019 06/03/2019 Main
Royal Thimphu College || All Right Reserved